<?xml version="1.0" encoding="UTF-8"?>
<record
    xmlns:xsi="http://www.w3.org/2001/XMLSchema-instance"
    xsi:schemaLocation="http://www.loc.gov/MARC21/slim http://www.loc.gov/standards/marcxml/schema/MARC21slim.xsd"
    xmlns="http://www.loc.gov/MARC21/slim">

  <leader>01013aab a2200193 i 4500</leader>
  <controlfield tag="001">768714001</controlfield>
  <controlfield tag="003">CO-MdFUSB</controlfield>
  <controlfield tag="005">20240326114344.0</controlfield>
  <controlfield tag="008">240318t1992    ag ||||| |||| 00| 0 spa d</controlfield>
  <datafield tag="040" ind1=" " ind2=" ">
    <subfield code="b">spa</subfield>
    <subfield code="c">CO-MdFUSB</subfield>
  </datafield>
  <datafield tag="041" ind1=" " ind2=" ">
    <subfield code="a">spa</subfield>
  </datafield>
  <datafield tag="100" ind1="1" ind2=" ">
    <subfield code="a">Rooy, Sidney</subfield>
    <subfield code="e">autor</subfield>
  </datafield>
  <datafield tag="245" ind1="1" ind2="3">
    <subfield code="a">La llegada de los africanos a Am&#xE9;rica Latina</subfield>
    <subfield code="c">/ Sidney Rooy</subfield>
  </datafield>
  <datafield tag="300" ind1=" " ind2=" ">
    <subfield code="a">Volumen 12, n&#xFA;mero 1 (enero - marzo, 1993), p&#xE1;ginas: 13 - 16</subfield>
    <subfield code="c">; 27 cm</subfield>
  </datafield>
  <datafield tag="520" ind1=" " ind2=" ">
    <subfield code="a">Este art&#xED;culo habla sobre la llegada de los africanos a Am&#xE9;rica Latina, el trato que recib&#xED;an, la  "misi&#xF3;n" de la iglesia y la actitud de los esclavos.
La trata de los esclavos signific&#xF3; la incorporaci&#xF3;n de sangre africana en todo el Caribe y el continente americano.
En los pa&#xED;ses cat&#xF3;licos y protestantes, la iglesia oficial acept&#xF3; la "necesidad" de la mano de obra esclavista.</subfield>
  </datafield>
  <datafield tag="653" ind1=" " ind2=" ">
    <subfield code="a">Esclavitud</subfield>
  </datafield>
  <datafield tag="773" ind1="0" ind2=" ">
    <subfield code="t">Iglesia y Misi&#xF3;n</subfield>
    <subfield code="0">49402</subfield>
    <subfield code="9">59656</subfield>
    <subfield code="g">Volumen 12, n&#xFA;mero 1 (enero - marzo, 1993), p&#xE1;ginas: 13 - 16</subfield>
    <subfield code="q">p&#xE1;ginas: 13</subfield>
  </datafield>
  <datafield tag="942" ind1=" " ind2=" ">
    <subfield code="c">ANA</subfield>
  </datafield>
  <datafield tag="999" ind1=" " ind2=" ">
    <subfield code="c">51987</subfield>
    <subfield code="d">51987</subfield>
  </datafield>
</record>
